[Event "Bialystok Zamenhof Memorial"]
[Site "Bialystok"]
[Date "2012.??.??"]
[Round "7"]
[White "Ptak, Krzysztof"]
[Black "Sieklucki, Adam"]
[Result "1/2-1/2"]
[WhiteElo "1534"]
[BlackElo "1840"]
[PlyCount "143"]
[EventDate "2012.12.27"]
[EventType "swiss"]
[EventRounds "9"]
[EventCountry "POL"]
[SourceTitle "CBM 152 Extra"]
[Source "ChessBase"]
[SourceDate "2013.02.25"]
[SourceVersion "1"]
[SourceVersionDate "2013.02.25"]
[SourceQuality "1"]

1. d4 Nf6 2. c4 e6 3. Nf3 Bb4+ 4. Bd2 Qe7 5. Nc3 0-0 6. Qc2 d6 7. e4 e5 8. Bd3 c6 9. a3 Bxc3 10. Bxc3 Nbd7 11. b4 exd4 12. Bxd4 Re8 13. 0-0 Ne5 14. Nxe5 dxe5 15. Bc3 Nh5 16. Be2 Nf4 17. Bf3 Qf6 18. Rad1 h5 19. Kh1 h4 20. g3 Ng6 21. Qe2 Bh3 22. Bg2 Bxg2+ 23. Kxg2 Qe6 24. h3 Rad8 25. c5 Qb3 26. Bb2 Qe6 27. Bc1 Qe7 28. Qh5 Rd4 29. Bg5 Qd7 30. Be3 Rd3 31. Qe2 Rd8 32. Rxd3 Qxd3 33. Qxd3 Rxd3 34. Bc1 Kf8 35. Re1 f6 36. Re3 Rd1 37. Rc3 Ke7 38. f4 hxg3 39. Kxg3 exf4+ 40. Bxf4 Rg1+ 41. Kf2 Nxf4 42. Rf3 Rg2+ 43. Kf1 Ra2 44. Rxf4 Rxa3 45. Rg4 g5 46. h4 gxh4 47. Rxh4 b6 48. Rh7+ Ke6 49. Rc7 bxc5 50. Rxc6+ Ke5 51. bxc5 a5 52. Ra6 a4 53. c6 Rc3 54. Rxa4 Rxc6 55. Ke2 Kf4 56. Kd3 Rd6+ 57. Rd4 Ra6 58. Rb4 Ra3+ 59. Kd4 Ra1 60. Kd5 Ra5+ 61. Kd4 Re5 62. Kd3 Re6 63. Rd4 Ra6 64. Rb4 Ra1 65. Ke2 Ra3 66. Kd2 Rh3 67. Rc4 Rh2+ 68. Kd3 Rh1 69. Rc6 Ke5 70. Rc5+ Ke6 71. Rc6+ Ke5 72. Rc5+ 1/2-1/2

[Event "Bialystok Zamenhof Memorial"]
[Site "Bialystok"]
[Date "2012.??.??"]
[Round "5"]
[White "Sieklucki, Adam"]
[Black "Kosakowski, Jakub"]
[Result "1/2-1/2"]
[WhiteElo "1840"]
[BlackElo "1733"]
[PlyCount "80"]
[EventDate "2012.12.27"]
[EventType "swiss"]
[EventRounds "9"]
[EventCountry "POL"]
[SourceTitle "CBM 152 Extra"]
[Source "ChessBase"]
[SourceDate "2013.02.25"]
[SourceVersion "1"]
[SourceVersionDate "2013.02.25"]
[SourceQuality "1"]

1. d4 Nf6 2. c4 g6 3. Nc3 d5 4. cxd5 Nxd5 5. e4 Nxc3 6. bxc3 Bg7 7. Bc4 c5 8. Ne2 Nc6 9. Be3 0-0 10. Rc1 Qa5 11. Kf1 e6 12. h4 h5 13. g4 Rd8 14. Bg5 Rd6 15. gxh5 cxd4 16. hxg6 fxg6 17. Nf4 Ne5 18. Bb3 Qa6+ 19. c4 Nf7 20. Be7 Rd7 21. Bb4 e5 22. Nd5 Rxd5 23. exd5 e4 24. Bc5 Qf6 25. Qe2 Bf5 26. Rd1 d3 27. Qe3 Bh6 28. Bd4 Qd6 29. Qe1 Re8 30. Rxd3 Ne5 31. Bxe5 Qxe5 32. Re3 Bg4 33. Rg3 Bf3 34. Rxg6+ Kh7 35. Rhg1 Rf8 36. Re6 Qb2 37. Rg5 Rf4 38. Re7+ Kh8 39. Re8+ Kh7 40. Re7+ Kh8 1/2-1/2

[Event "Bialystok qual-B"]
[Site "Bialystok"]
[Date "2011.05.??"]
[Round "3"]
[White "Sieklucki, Adam"]
[Black "Smirnov, Alexander"]
[Result "0-1"]
[WhiteElo "1847"]
[BlackElo "2171"]
[PlyCount "98"]
[EventDate "2011.05.??"]
[EventType "swiss"]
[EventRounds "9"]
[EventCountry "POL"]
[SourceTitle "EXT 2014"]
[Source "ChessBase"]
[SourceDate "2013.11.20"]
[SourceVersion "1"]
[SourceVersionDate "2013.11.20"]
[SourceQuality "1"]

1. e4 c5 2. Nf3 a6 3. c4 g6 4. d4 Bg7 5. Nc3 Nc6 6. Be3 cxd4 7. Nxd4 d6 8. Be2 Nf6 9. 0-0 0-0 10. Rc1 Bd7 11. Qd2 Ng4 12. Bxg4 Bxg4 13. f3 Bd7 14. Rfd1 Ne5 15. b3 f5 16. Bh6 Bxh6 17. Qxh6 f4 18. Qh4 Nf7 19. c5 e5 20. Qxd8 Rfxd8 21. Nde2 dxc5 22. Nd5 Bb5 23. Nec3 Be8 24. Nb1 Kg7 25. Rxc5 Rac8 26. Rdc1 Rxc5 27. Rxc5 g5 28. Nbc3 Rd7 29. Na4 Rd6 30. Nab6 Rc6 31. Na4 Nd6 32. Kf2 g4 33. Nb4 Rxc5 34. Nxc5 gxf3 35. gxf3 a5 36. Nbd3 Kf6 37. a3 b6 38. Na4 Bxa4 39. bxa4 Nc4 40. Ke2 Nxa3 41. Nb2 b5 42. Kd3 bxa4 43. Nxa4 Nb5 44. Nb6 Nd4 45. Nd5+ Kg5 46. h4+ Kxh4 47. Nxf4 Nxf3 48. Ke3 exf4+ 49. Kxf3 Kg5 0-1

[Event "Gdansk op 12th "]
[Site "Gdansk"]
[Date "2010.07.24"]
[Round "9"]
[White "Sieklucki, Adam"]
[Black "Renkowski, Piotr"]
[Result "1-0"]
[WhiteElo "1788"]
[BlackElo "1931"]
[PlyCount "107"]
[EventDate "2010.07.17"]
[EventType "swiss"]
[EventRounds "9"]
[EventCountry "POL"]
[SourceTitle "EXT 2011"]
[Source "ChessBase"]
[SourceDate "2010.11.26"]
[SourceVersion "1"]
[SourceVersionDate "2010.11.26"]
[SourceQuality "1"]

1. d4 d5 2. Nf3 Nf6 3. c4 e6 4. Nc3 c6 5. Bg5 Be7 6. e3 Nbd7 7. cxd5 exd5 8. Bd3 0-0 9. Qc2 Re8 10. 0-0 Ne4 11. Bf4 f5 12. Nxd5 Bd6 13. Bxd6 Nxd6 14. Nc3 Nf6 15. Ne5 g6 16. Rae1 Nf7 17. Bc4 Be6 18. Qb3 Qc8 19. Nxf7 Kxf7 20. Bxe6+ Rxe6 21. d5 cxd5 22. Nxd5 Nxd5 23. Qxd5 Qc6 24. Qb3 Rc8 25. Rd1 Rc7 26. Rd8 Qb6 27. Qa3 Rce7 28. Rh8 Kg7 29. Qc3+ Kh6 30. Qc4 Re4 31. Qg8 Qxb2 32. Rd1 Qe2 33. Qf8+ Kh5 34. Qd8 Qxa2 35. h4 Qf7 36. Rd7 Kh6 37. Rd6 Qg7 38. g3 Qf7 39. Rf8 Qg7 40. Rxf5 Rc4 41. Kg2 Rcc7 42. Rfd5 Qf7 43. h5 Rc2 44. Rxg6+ hxg6 45. Qh8+ Qh7 46. Qf8+ Qg7 47. Qf4+ Kh7 48. hxg6+ Qxg6 49. Qh4+ Kg8 50. Qxe7 Qc6 51. e4 Rxf2+ 52. Kxf2 Qc2+ 53. Kf3 Qc3+ 54. Kg4 1-0

[Event "Bialystok Spring op-B"]
[Site "Bialystok"]
[Date "2010.05.03"]
[Round "5"]
[White "Sieklucki, Adam"]
[Black "Smirnov, Aleksander"]
[Result "1-0"]
[WhiteElo "1766"]
[BlackElo "2222"]
[PlyCount "107"]
[EventDate "2010.05.01"]
[EventType "swiss"]
[EventRounds "9"]
[EventCountry "POL"]
[SourceTitle "EXT 2012"]
[Source "ChessBase"]
[SourceDate "2011.11.24"]
[SourceVersion "1"]
[SourceVersionDate "2011.11.24"]
[SourceQuality "1"]

1. e4 c5 2. Nf3 a6 3. c4 g6 4. d4 Bg7 5. Nc3 cxd4 6. Nxd4 d6 7. Be3 Nf6 8. Be2 0-0 9. 0-0 Nbd7 10. Rc1 b6 11. f3 Bb7 12. Qd2 Rc8 13. Rfd1 Ne5 14. b3 Ned7 15. Bd3 e6 16. Nde2 Ne8 17. Bg5 f6 18. Bh6 Bxh6 19. Qxh6 Ne5 20. Nd4 Ng7 21. Qh3 f5 22. Bb1 Qf6 23. Kh1 f4 24. Na4 Nd7 25. Ne2 Rc6 26. Nd4 Rc7 27. Ne2 b5 28. cxb5 Rxc1 29. Rxc1 axb5 30. Nac3 Rc8 31. b4 Ne5 32. Re1 g5 33. Nxb5 Bc6 34. Nxd6 Rd8 35. b5 Rxd6 36. bxc6 Rxc6 37. Rc1 Rd6 38. Ng1 Qd8 39. Rf1 Rd2 40. g3 h5 41. gxf4 gxf4 42. Re1 Qd4 43. Qh4 Rb2 44. Qxf4 Nc4 45. Qg3 Nd2 46. Ne2 Qe3 47. Ng1 Qc3 48. Rd1 Nxb1 49. Rd8+ Kh7 50. e5 Rb5 51. Rd7 Qxe5 52. f4 Qf6 53. Nf3 Nc3 54. Ng5+ 1-0

[Event "Bialystok Zamenhof Memorial-A"]
[Site "Bialystok"]
[Date "2010.??.??"]
[Round "2"]
[White "Poswiatowski, Michal"]
[Black "Sieklucki, Adam"]
[Result "1-0"]
[WhiteElo "1939"]
[BlackElo "1818"]
[PlyCount "59"]
[EventDate "2010.12.27"]
[EventType "swiss"]
[EventRounds "9"]
[EventCountry "POL"]
[SourceTitle "CBM 140 Extra"]
[Source "ChessBase"]
[SourceDate "2011.03.01"]
[SourceVersion "1"]
[SourceVersionDate "2011.03.01"]
[SourceQuality "1"]

1. e4 e5 2. Nf3 Nc6 3. Bb5 g6 4. 0-0 Bg7 5. c3 Nge7 6. d4 exd4 7. cxd4 d5 8. e5 0-0 9. h3 h6 10. Nc3 Kh7 11. Ne2 f6 12. exf6 Rxf6 13. Bf4 Rf7 14. Qd2 Bf5 15. Ng3 Be4 16. Ne5 Nxe5 17. Bxe5 c6 18. Bxg7 Kxg7 19. Nxe4 dxe4 20. Bc4 Nd5 21. Rae1 Qe7 22. Bd3 Nf4 23. Bxe4 Qg5 24. Qc3 Re8 25. Qg3 Qb5 26. Bxg6 Nxh3+ 27. gxh3 Rg8 28. Bd3+ Qg5 29. Qxg5+ hxg5 30. Bc4 1-0

[Event "Bialystok Zamenhof Memorial-A"]
[Site "Bialystok"]
[Date "2010.??.??"]
[Round "7"]
[White "Sieklucki, Adam"]
[Black "Grabowski, Adam"]
[Result "0-1"]
[WhiteElo "1818"]
[BlackElo "1948"]
[PlyCount "70"]
[EventDate "2010.12.27"]
[EventType "swiss"]
[EventRounds "9"]
[EventCountry "POL"]
[SourceTitle "CBM 140 Extra"]
[Source "ChessBase"]
[SourceDate "2011.03.01"]
[SourceVersion "1"]
[SourceVersionDate "2011.03.01"]
[SourceQuality "1"]

1. Nf3 Nf6 2. d4 c5 3. e3 g6 4. c4 cxd4 5. exd4 d5 6. Nc3 Bg7 7. Be2 0-0 8. 0-0 Nc6 9. h3 Be6 10. b3 h6 11. Bb2 Rc8 12. Rc1 Qa5 13. a3 a6 14. b4 Qd8 15. b5 axb5 16. cxb5 Na5 17. Na4 Nc4 18. Qb3 Ne4 19. Rfd1 Qa5 20. Nc3 Nxb2 21. Nxd5 Nxd1 22. Nxe7+ Kh7 23. Qxd1 Rxc1 24. Qxc1 Re8 25. d5 Rxe7 26. dxe6 Rxe6 27. Bc4 Re7 28. Bd5 Nc3 29. Bc4 Nxb5 30. Qf4 Nd4 31. Nxd4 Re1+ 32. Bf1 Bxd4 33. Qxd4 Qa6 34. Qd5 Qxf1+ 35. Kh2 Qxf2 0-1

[Event "Bialystok Zamenhof Memorial-A"]
[Site "Bialystok"]
[Date "2010.??.??"]
[Round "8"]
[White "Sieklucki, Adam"]
[Black "Strojek, Kazimierz"]
[Result "1-0"]
[WhiteElo "1818"]
[BlackElo "1846"]
[PlyCount "113"]
[EventDate "2010.12.27"]
[EventType "swiss"]
[EventRounds "9"]
[EventCountry "POL"]
[SourceTitle "CBM 140 Extra"]
[Source "ChessBase"]
[SourceDate "2011.03.01"]
[SourceVersion "1"]
[SourceVersionDate "2011.03.01"]
[SourceQuality "1"]

1. d4 Nf6 2. c4 g6 3. Nc3 Bg7 4. Nf3 0-0 5. Bf4 d6 6. e3 c6 7. Be2 Nh5 8. Bg5 h6 9. Bh4 Qc7 10. 0-0 Re8 11. Nd2 Nf6 12. Bg3 Nbd7 13. c5 e5 14. Nc4 Bf8 15. cxd6 Bxd6 16. dxe5 Bxe5 17. Nxe5 Nxe5 18. Qd4 Qe7 19. Rfd1 b6 20. Bh4 g5 21. Bg3 Bf5 22. Qd6 Rac8 23. h4 Rcd8 24. Qxe7 Rxd1+ 25. Rxd1 Rxe7 26. Rd6 Kg7 27. hxg5 hxg5 28. Bxe5 Rxe5 29. Rxc6 Be6 30. Bc4 Bxc4 31. Rxc4 b5 32. Rb4 a6 33. a4 Nd5 34. Nxd5 Rxd5 35. axb5 axb5 36. Kf1 Kf6 37. Ke2 Ke6 38. Re4+ Kf5 39. f3 f6 40. g4+ Kg6 41. Rd4 Rc5 42. Kd3 Kf7 43. b4 Re5 44. e4 Re8 45. Rd5 Rb8 46. Kd4 Ke6 47. Kc5 Rc8+ 48. Kxb5 Rc3 49. Rf5 Ke7 50. Kb6 Ke6 51. b5 Ke7 52. Kb7 Ke6 53. b6 Ke7 54. Kb8 Ke6 55. b7 Ke7 56. Ka7 Ra3+ 57. Kb6 1-0

[Event "Bialystok qual"]
[Site "Bialystok"]
[Date "2009.11.07"]
[Round "4"]
[White "Sieklucki, Adam"]
[Black "Wasiluk, Robert"]
[Result "1-0"]
[WhiteElo "1760"]
[BlackElo "1691"]
[PlyCount "53"]
[EventDate "2009.11.07"]
[EventType "swiss"]
[EventRounds "9"]
[EventCountry "POL"]
[SourceTitle "EXT 2012"]
[Source "ChessBase"]
[SourceDate "2011.11.24"]
[SourceVersion "1"]
[SourceVersionDate "2011.11.24"]
[SourceQuality "1"]

1. d4 d5 2. c4 e6 3. Nc3 Nf6 4. Bg5 Nbd7 5. cxd5 exd5 6. e3 c6 7. Bd3 Bd6 8. Nf3 h6 9. Bh4 0-0 10. Qc2 Qc7 11. 0-0 b6 12. Rfc1 a6 13. Bf5 Bb7 14. Bxd7 Qxd7 15. Bxf6 gxf6 16. Nh4 Kh8 17. Qf5 Qxf5 18. Nxf5 Rad8 19. Nxd6 Rxd6 20. Na4 b5 21. Nc5 Bc8 22. b4 Rg8 23. Kf1 Bf5 24. Rc3 Be4 25. g3 f5 26. Rac1 f4 27. exf4 1-0

[Event "Bilaystok Spring op"]
[Site "Bialystok"]
[Date "2009.05.03"]
[Round "6"]
[White "Sieklucki, Adam"]
[Black "Kostyra, Stanislaw"]
[Result "0-1"]
[WhiteElo "1743"]
[BlackElo "2284"]
[PlyCount "78"]
[EventDate "2009.05.01"]
[EventType "swiss"]
[EventRounds "9"]
[EventCountry "POL"]
[SourceTitle "EXT 2010"]
[Source "ChessBase"]
[SourceDate "2010.11.25"]
[SourceVersion "1"]
[SourceVersionDate "2010.11.25"]
[SourceQuality "1"]

1. e4 c5 2. Nc3 e6 3. Nf3 Nc6 4. d4 cxd4 5. Nxd4 Qc7 6. Nb3 a6 7. Bd3 b5 8. 0-0 Ne5 9. f4 Nxd3 10. cxd3 Bb7 11. Be3 Rc8 12. Rc1 Qb8 13. Qe2 Nf6 14. Bd4 b4 15. Na4 Rxc1 16. Nxc1 Bc6 17. Nb6 Be7 18. Nc4 0-0 19. Nb3 d6 20. e5 Ne8 21. Qg4 g6 22. h4 h5 23. Qg3 Qd8 24. Bb6 Qb8 25. Qf2 Bb5 26. Ba7 Qa8 27. Bd4 d5 28. Nb6 Qb7 29. Rc1 Ng7 30. Na5 Qb8 31. Nc6 Bxc6 32. Rxc6 Nf5 33. g3 Qb7 34. Rc1 Rb8 35. Na4 Qb5 36. Nc5 Rc8 37. a4 bxa3 38. Kh1 Nxd4 39. Qxd4 Rxc5 0-1

[Event "Gdansk Autumn"]
[Site "Gdansk"]
[Date "2008.11.22"]
[Round "2.6"]
[White "Witbrodt, Jakub"]
[Black "Sieklucki, Adam"]
[Result "1-0"]
[WhiteElo "1589"]
[BlackElo "1765"]
[PlyCount "37"]
[EventDate "2008.11.21"]
[EventType "swiss"]
[EventRounds "5"]
[EventCountry "POL"]
[SourceTitle "EXT 2023"]
[Source "ChessBase"]
[SourceDate "2022.10.05"]
[SourceVersion "1"]
[SourceVersionDate "2022.10.05"]
[SourceQuality "1"]

1. e4 e5 2. Nc3 Nc6 3. Bc4 Nf6 4. d3 h6 5. f4 d6 6. f5 Na5 7. Bb3 Nxb3 8. axb3 d5 9. Qe2 Bb4 10. Bd2 0-0 11. Nf3 Re8 12. g4 Nxg4 13. Rg1 h5 14. h3 d4 15. hxg4 dxc3 16. bxc3 Bc5 17. Rg3 hxg4 18. Rxg4 Bf8 19. Qh2 1-0